Planning Policy Statement 6 (Record no. 75067)

MARC details
000 -LEADER
fixed length control field 01710cab a2200217 4500
001 - CONTROL NUMBER
control field L129325
008 - FIXED-LENGTH DATA ELEMENTS--GENERAL INFORMATION
fixed length control field 050412n2005 000 0 eng u
020 ## - INTERNATIONAL STANDARD BOOK NUMBER
International Standard Book Number 0117539392
035 ## - SYSTEM CONTROL NUMBER
System control number (Sirsi) u129325
041 ## - LANGUAGE CODE
Language code of text/sound track or separate title eng
110 ## - MAIN ENTRY--CORPORATE NAME
Corporate name or jurisdiction name as entry element Office of the Deputy Prime Minister
9 (RLIN) 4685
245 ## - TITLE STATEMENT
Title Planning Policy Statement 6
Remainder of title planning for town centres
260 ## - PUBLICATION, DISTRIBUTION, ETC.
Place of publication, distribution, etc. London
Name of publisher, distributor, etc. ODPM
Date of publication, distribution, etc. 2005
520 ## - SUMMARY, ETC.
Summary, etc. "Planning Policy Statement 6: planning for town centres"(PPS6) replaces "Revised Planning Policy Guidance Note 6: town centres and retail developments" (PPG6) and subsequent policy statements. The policies in PPS6 apply throughout England and focus on a range of issues relating to planning for the future of town centres and the main uses that relate to them. The key features of PPS6 are: continued emphasis on the need to promote the vitality and viability of town centres; enhancement of consumer choice; improvement of accessibility; encouragement of investment in disadvantaged areas; delivery of more sustainable patterns of development and promotion of high quality; high density and inclusive design. Proposes that developers of groups of retail and leisure units in edge-of-centre or out-of-centre locations should consider accommodating some of the units on more centrally located sites in accordance with PPS6's objectives and policies.
590 ## - LOCAL NOTE (RLIN)
Local note IKA150405
650 ## - SUBJECT ADDED ENTRY--TOPICAL TERM
Topical term or geographic name entry element PLANNING POLICY STATEMENT 6
650 ## - SUBJECT ADDED ENTRY--TOPICAL TERM
Topical term or geographic name entry element PLANNING POLICY GUIDANCE NOTE SIX
690 ## - LOCAL SUBJECT ADDED ENTRY--TOPICAL TERM (OCLC, RLIN)
Topical term or geographic name as entry element ENVIRONMENTAL AND LAND CONSULTANCY-PLANNING AND DEVELOPMENT-PLANNING GUIDANCE
856 ## - ELECTRONIC LOCATION AND ACCESS
Uniform Resource Identifier <a href="https://www.communities.gov.uk/archived/publications/planningandbuilding/pps6">https://www.communities.gov.uk/archived/publications/planningandbuilding/pps6</a>
Public note View PPS6 free of charge at www.odpm.gov.uk...
942 ## - ADDED ENTRY ELEMENTS (KOHA)
Suppress in OPAC 0
Holdings
Withdrawn status Lost status Source of classification or shelving scheme Damaged status Not for loan Home library Current library Shelving location Date acquired Total Checkouts Full call number Barcode Date last seen Copy number Price effective from Koha item type
    Dewey Decimal Classification     Virtual Virtual Online 14/04/2005   L129325 129325-2001 06/08/2019 1 06/08/2019 Book